000 01043nam a2200229 u 4500
001 000536413
003 AM-YeHGA
005 20250617135414.0
008 070515s1988 ||| r 000 0 rus d
040 _aAM-YeHGA
041 0 _arus
100 1 _aКопырин, Николай Захарович
245 1 0 _aК новым рубежам :
_b(Заметки о якутской поэзии 1955-1975 гг.) /
_cН.З. Копырин; АН СССР, Сиб. отд-ние, Якут. фил., Ин-т яз., лит. и истории.
260 _aЯкутск :
_bКн. изд-во,
_c1988.
300 _a88 с.
504 _aБиблиогр.: с. 86-87
653 0 _aЯкутская советская поэзия
653 0 _aЯкутская АССР, литературоведение
710 2 _aАкадемия наук СССР
_bСибирское отделение
710 2 _aИнститут языка, литературы и истории АН СССР
_bЯкутский филиал
090 _c201236
999 _c199752
_d199752